书目信息 |
| 题名: |
分析化学中的配位化合物
|
|
| 作者: | 慈云祥 , 周天泽 编著 | |
| 分册: | ||
| 出版信息: | 北京 北京大学出版社 1986 |
|
| 页数: | 469页 | |
| 开本: | 20cm | |
| 丛书名: | ||
| 单 册: | ||
| 中图分类: | O653 | |
| 科图分类: | ||
| 主题词: | 分析化学-配位化合物 , 配位化合物-分析化学 , 分析化学 , 分析(化学) | |
| 电子资源: | ||
| ISBN: | ||
| 000 | 00796nam0 2200289 45 | |
| 001 | 0186011452 | |
| 005 | 20040630152449.6 | |
| 010 | @dCNY2.95 | |
| 091 | @a13209.106 | |
| 100 | @a19900818d1986 emky0chiy0121 ea | |
| 101 | 0 | @achi |
| 102 | @aCN@b110000 | |
| 105 | @ay z 000yy | |
| 106 | @ar | |
| 200 | 10 | @a分析化学中的配位化合物@Afen xi hua xue zhong de pei wei hua he wu@f慈云祥, 周天泽编著 |
| 210 | @a北京@c北京大学出版社@d1986 | |
| 215 | @a469页@d20cm | |
| 606 | @a分析化学-配位化合物 | |
| 606 | @a配位化合物-分析化学 | |
| 606 | 0 | @a分析化学 |
| 606 | 0 | @a分析(化学) |
| 690 | @aO653@v3 | |
| 701 | 0 | @a慈云祥@Aci yun xiang@4编著 |
| 701 | 0 | @a周天泽@Azhou tian ze@4编著 |
| 801 | 0 | @aCN@b深圳图书馆@c20040519 |
| 801 | 2 | @aCN@bNLC@c20040519 |
| 905 | @dO653@e20@f1@b163431 | |
| 分析化学中的配位化合物/慈云祥, 周天泽编著.-北京:北京大学出版社,1986 |
| 469页;20cm |
| ISBN :CNY2.95 |
| ● |
| 相关链接 |
|
|
|
|
正题名:分析化学中的配位化合物
索取号:O653/20
 
预约/预借
| 序号 | 登录号 | 条形码 | 馆藏地/架位号 | 状态 | 备注 |
| 1 | 0163431 | 001936971 | 密集书库/ [索取号:O653/20] | 在馆 | |
| 2 | 0163433 | 000632809 | 第三借阅区/ [索取号:O653/20] | 在馆 | |
| 3 | 0163434 | 000632818 | 第三借阅区/ [索取号:O653/20] | 在馆 | |
| 4 | 0163435 | 202101162 | 第二样本阅览室/ [索取号:O653/20] | 在馆 |